| 000 | 01226nam a22002417a 4500 | ||
|---|---|---|---|
| 003 | JO-AjAnu | ||
| 005 | 20251012091311.0 | ||
| 008 | 251011b jo ||||| |||| 00| 0 ara d | ||
| 020 | _a9789923283233 | ||
| 040 |
_aJO-AjAnu _bara _cJO-AjAnu _dJO-AjAnu _erda |
||
| 041 |
_aara _hara |
||
| 050 |
_aTX353 _b2026 |
||
| 100 | 1 |
_aالربيعي، محمود داود _eمؤلف _966742 |
|
| 245 | 0 |
_aالتغذية الصحية والنشاط البدني والرياضي = Healthy Nutrition And Physical Activity And Sports / _cمحمود داود الربيعي، حذيفة ابراهيم الحربي، وئام محمود الربيعي |
|
| 250 | _aالطبعة الاولى | ||
| 260 |
_aعمان : _bدار صفاء للنشر والتوزيع، _c2026 |
||
| 300 | _a294 صفحة | ||
| 504 | _aيحتوي على مصادر ومراجع باللغتين العربية والانجليزية | ||
| 650 | 7 | 0 |
_aالتغذية-التربية البدنية-اللياقة البدنية-الرياضيون-الصحة العامة _966743 |
| 700 | 1 |
_aالحربي، حذيفة ابراهيم _eمؤلف مشارك _966744 |
|
| 700 | 1 |
_aالربيعي، وئام محمود _eمؤلف مشارك _966745 |
|
| 942 |
_2lcc _cBK _n0 |
||
| 999 |
_c34039 _d34039 |
||